Quizzes
Events
Quiz Creation
Community
Videos
Private Events
Remove Ads
Sign In
Join for FREE
Feedback
Dark Mode
Quiz Categories
Sports
Geography
Music
Movies
Television
Just For Fun
Miscellaneous
History
Literature
Language
Science
Gaming
Entertainment
Religion
Holiday
For Kids
Quiz Lab
Recent
Popular Today
Quiz Kudos Today
Editor Picks
Curator Picks
Quizzes by...
Day
Popularity
Type
Ratings
Length
Year
Community
Subscriptions
Recent Discussions
Orange Saloon
Badges
Playlists
Quests
Create
Leaderboards
Showdown
Live 5
Trivia Bingo
Activity
Puzzle Library
Sporcle Events
Private Events
Virtual Trivia
Globe League
Become a Host
Pub Owners
SporcleCon
Opinionation
Our Games
Videos
Blog
Mobile Apps
Partnerships
Remove Ads and Go Orange
Feedback
Sports
Athletes
MLB
NBA
NHL
NFL
Soccer
Sports Teams
WWE
NCAA
Football
Premier League
Basketball
Baseball
Hockey
Golf
Tennis
Cricket
Rugby
Auto Racing
Olympics
World Cup
Sports
Athletes
MLB
NBA
NHL
NFL
Soccer
Sports Teams
WWE
NCAA
Football
Premier League
Basketball
Baseball
Hockey
Golf
Tennis
Cricket
Rugby
Auto Racing
Olympics
World Cup
Random Quiz
Search Sporcle
×
Quiz Lab
Quiz Lab
Sports
Pitching
Type in answers that appear in a list
Type in answers that appear in a list
Classic
Best Score? Go Orange.
Top Mets pitching game scores Stats
Can you name the Mets pitchers who achieved a 94 or greater game score?
By
chrismcshane
7m
21 Questions
737 Plays
737 Plays
737 Plays
Comments
Comments
Give Quiz Kudos
Give Quiz Kudos
-
- Ratings
hide this ad
Replay
Link that replays current quiz
Next Quiz
Link to next quiz in quiz playlist
You Got
0%
They Got
Avg Score
71%
Avg Friend Score
Upgrade to see
Score Distribution
Jump to the score distribution portion of the page
Score
0/21
Timer
07:00
0
Plays Today
Date
Answer
% Correct
1974-
05-
01
Tom Seaver
98%
1971-
08-
11
Tom Seaver
98%
1970-
05-
15
Tom Seaver
98%
1970-
04-
22
Tom Seaver
98%
1969-
07-
09
Tom Seaver
98%
1971-
04-
16
Tom Seaver
98%
1972-
09-
29
Tom Seaver
98%
2013-
05-
07
Matt Harvey
92.7%
1969-
05-
28
Jerry Koosman
82.8%
1968-
08-
19
Jerry Koosman
82.8%
1975-
09-
26
Jerry Koosman
82.8%
Date
Answer
% Correct
2012-
06-
18
R.A. Dickey
79.5%
2012-
06-
13
R.A. Dickey
79.5%
1991-
10-
06
David Cone
73%
1991-
09-
20
David Cone
73%
1970-
04-
18
Nolan Ryan
71%
1962-
08-
14
Al Jackson
30.7%
2011-
08-
26
Chris Capuano
27.8%
1976-
06-
17
Craig Swan
26.1%
1965-
09-
12
Dick Selma
6.8%
1965-
10-
02
Rob Gardner
5.6%
Quiz Playlist
Details
Report
Send in Message
Add To Playlist
Classic:
Type in answers that appear in a list
Quiz Source
Last Updated: Jan 18, 2019
Quiz Scoreboard
CHALLENGE
Sign Up to Join the Scoreboard
Show All
Scores
Hide
Comments
May contain spoilers
Recently Published
An Introduction to Baseball
by treessimontrees
Sports
5m
Movies - When Are They Set?
by FPL_Elf
Movies
5m
Popular People in 1961
by mucciniale
History
6m
More to Explore
Quiz From the Vault
Featured Blog Post
Where Did the Easter Bunny Come From?
hide this ad
You Might Also Like...
Tags
Achieved
date
Greater
met
Pitching
score
Today's Top Quizzes in Sports
Browse Sports
hide this ad
Today's Top Quizzes in Pitching
Browse Pitching
Top Contributed Quizzes in Sports
1
Les meilleurs buteurs des matchs entre le PSG et l’OM
2
2022 World Cup Stars
3
FIFA Club World Cup Champions
4
Les entraîneurs de l'OM et du PSG au 21e siècle
5
Name the Premier League winners with different clubs
6
La finale Lions - Afrique du Sud 2021
7
Criteria MLB: Left Handed Sluggers
8
Les joueurs passés par le LOSC et le RC Lens
9
Players with Multiple 50 Home Run Seasons
10
MLB Players with Two .350 Batting Average Seasons
Explore More
Trending Topics
Disney
Marvel
NBA
Anime
Harry Potter
Kpop
Crossword
Soccer
Puzzle
WWE
The Office
Song
Pokémon
NFL
Country
hide this ad
More By:
chrismcshane
Quiz
Plays
Rating
Category
Featured
Created
The 2006 Mets
1,510
5.00
Sports
Jan 17, 2014
Every player who played for the 2006 Mets
989
Sports
Apr 17, 2020
Players with 25+ HR in a season for the Mets
927
Sports
May 12, 2020
Mets who hit 3 home runs in a single game
825
5.00
Sports
May 14, 2020
Mets pitchers who hit at least one home run in a game
749
Sports
May 12, 2020
Go to Creator's Profile
Score Distribution
Quiz Creator Spotlight
chrismcshane
Follow
Send a Message
Quizzes Created
-
Created Quiz Play Count
-
More By This Creator
Popular Quizzes Today
1
Find the Countries of Europe - No Outlines Minefield
2
Find the US States - No Outlines Minefield
3
The Countries of the World
4
Popular People in 1961
5
US States
6
1-10 Letter E Words III
7
Find the US States
8
One Thing in Common: World Cities II
More Sports Quizzes
MLB players with 25 hr and 25 sb , season , 1990s
Quiz Lab
Trending Quizzes
Risky Map Clicking: Least Populous States A-Z
1-10 Letter F Words
1-10 Letter G Words
One Thing in Common: United Kingdom
Risky Map Clicking: Next State Alphabetically
Recently Updated
Leaping Animals
pecheneg
Reality TV Shows (A-Z)
bhenderson79
Rickey Henderson's Hall of Fame Teammates
pecheneg
Champions League XIs: Arsenal
pecheneg
Quick Pick: Celebrities in WWE's Hall of Fame
aduchscher
A-Z Keypad Blitz II
pecheneg
Multiple Oscar Actors
pecheneg
Mystery Phrase Blitz: Oscar 'Best Actors'
pecheneg
F. Scott Fitzgerald Novels
LTH
Pick 3 Villains
ddd62291
Trending Topics
Disney
Marvel
Anime
Kpop
NBA
Crossword
Harry Potter
Puzzle
NFL
The Office
Soccer
WWE
Song
Country
Pokémon
Your Account Isn't Verified!
In order to create a playlist on Sporcle, you need to verify the email address you used during registration. Go to your
Sporcle Settings
to finish the process.
Report this User
Report this user for behavior that violates our
Community Guidelines
.
Details:
Send Report
Go to the Sporcle.com Mobile Site →
Comments